|
|
|
|
| LEADER |
00000cam a2200000 a 4500 |
| 001 |
vtls001396212 |
| 003 |
SK-MaSNL |
| 005 |
20260302071839.0 |
| 008 |
240226s1999 xo 000 0 slo |
| 015 |
|
|
|a SNBA2000/12-04150
|
| 020 |
|
|
|a 8096798375
|q (brož.)
|
| 035 |
|
|
|a SNK000350587
|
| 035 |
|
|
|a urn:nbn:sk:snk-amjcvb
|
| 035 |
|
|
|a urn:nbn:sk:snk-am002jv3
|
| 035 |
|
|
|a 58264548-C55D-496E-9A9E-DADFCFAC9C91
|
| 040 |
|
|
|a SNK
|b slo
|c SNK
|e AACR2
|
| 041 |
0 |
|
|a slo
|a cze
|
| 044 |
|
|
|a xo
|c SK
|
| 080 |
|
|
|a 342.7-053.4/.6
|2 1981
|
| 245 |
0 |
0 |
|a Práva detí a ich právne garancie
|b výber dokumentov
|c Zoltán Valentovič, Elena Júdová, Stanislav Mráz [zostavovatelia]
|
| 260 |
|
|
|a Bratislava
|b Slovenské národné stredisko pre ľudské práva
|c 1999
|
| 300 |
|
|
|a 192 s.
|c 20 cm
|
| 650 |
0 |
7 |
|a práva detí
|2 SNK
|9 2258
|
| 650 |
0 |
7 |
|a ľudské práva
|2 SNKPH
|9 798
|
| 650 |
0 |
7 |
|a deti
|2 SNKPH
|9 773
|
| 655 |
|
7 |
|a výbery
|2 SNKPH
|9 67620
|
| 655 |
|
7 |
|a zákony
|2 SNKPH
|9 70186
|
| 655 |
|
7 |
|a medzinárodné zmluvy
|2 SNKPH
|9 105568
|
| 700 |
1 |
|
|a Júdová, Elena,
|d 1973-
|4 com
|9 254938
|
| 700 |
1 |
|
|a Mráz, Stanislav,
|d 1946-
|4 com
|9 253244
|
| 700 |
1 |
|
|a Valentovič, Zoltán,
|d 1942-2003
|4 com
|
| 919 |
|
|
|a 80-967983-7-5
|
| 958 |
|
|
|a TL
|
| 999 |
|
|
|c 1153916
|d 1155846
|
| 952 |
|
|
|t P60, <03>, [BOOK], {603}
|a SNK
|b SNK
|y PREZ
|7 0
|p 17A0251437
|o snkSD 71066
|i snkKSP 9599/2000
|0 0
|1 0
|4 0
|d 2000-09-19
|l 0
|r 2005-01-02 00:00:00
|w 2026-02-24
|
| 952 |
|
|
|a SNK
|b SNK
|y VYP
|7 0
|p 17A0251438
|o snkSD 71066 D1
|i snkKSP 9600/2000
|0 0
|1 0
|4 0
|d 2000-09-19
|f 1
|l 0
|r 2005-01-02 00:00:00
|w 2026-02-24
|
| 952 |
|
|
|a SNK
|b SNK
|y VYP
|7 0
|p 17A0464603
|o snkSD 71066 D2
|i snk2005/16073
|8 1
|0 0
|1 0
|4 0
|d 2005-09-28
|l 0
|r 2026-02-24 20:10:43
|w 2026-02-24
|